000 00506nam a22001937a 4500
005 20251108164029.0
008 250721s9999 xx 000 0 ara d
082 1 4 _a216,5/محم
100 1 _aأبو زهرة، محمد
245 1 0 _aالأحوال الشخصية /
250 _aط 2
264 1 _aالقاهرة :
_bدار الفكر العربي،
_c[19-].
300 _a499ص
650 1 7 _aالإسلام
650 1 7 _aالفقه
650 1 7 _aالأسرة
942 _2ddc
_cBK
999 _c1847
_d1847